000 00303nam a22001337a 4500
008 170608b xxu||||| |||| 00| 0 eng d
020 _a9780395796696
041 _aeng
080 _23RD
_a94
100 _a18
101 _aSHH
245 _aDISCOVERING THE WESTERN PAST
_cWIESNER,M.E
942 _2udc
_cBK
999 _c16585
_d16585